[Event "Wuerttemberg-ch Blitz"]
[Site "Murrhard"]
[Date "2021.08.20"]
[Round "7"]
[White "Knolmayer, Volker"]
[Black "Pillath, Marcus"]
[Result "1-0"]
[WhiteElo "1638"]
[BlackElo "1494"]
[PlyCount "105"]
[EventDate "2021.08.20"]
[EventType "swiss (blitz)"]
[EventRounds "11"]
[EventCountry "GER"]
[SourceTitle "CBM 204 Extra"]
[Source "ChessBase"]
[SourceDate "2021.11.30"]
[SourceVersion "1"]
[SourceVersionDate "2021.11.30"]
[SourceQuality "1"]

1. e4 c6 2. Nf3 d5 3. exd5 cxd5 4. d4 Bf5 5. Bd3 Bxd3 6. cxd3 Nf6 7. Nc3 e6 8. 0-0 Bd6 9. Be3 Nbd7 10. Rc1 Rc8 11. Nb5 Bb8 12. Qa4 Rxc1 13. Rxc1 a6 14. Nc3 0-0 15. Ne5 Nxe5 16. dxe5 Bxe5 17. d4 Bd6 18. Qd1 Qb8 19. g3 Rc8 20. Ne2 Rxc1 21. Qxc1 Qc7 22. Qd1 h6 23. Nc3 b5 24. Kg2 Bb4 25. Ne2 Bd6 26. Nf4 Bxf4 27. Bxf4 Qc6 28. Qe2 Ne4 29. f3 Nf6 30. Be5 Qc4 31. Qd2 Qxa2 32. Qc3 Qc4 33. Qd2 Nd7 34. Bd6 Nf6 35. g4 Ne8 36. Be5 Nf6 37. Bxf6 gxf6 38. Qxh6 Qxd4 39. Qc1 Qc4 40. Qd2 d4 41. g5 f5 42. Qf4 Qe2+ 43. Kg3 Qe1+ 44. Kh3 Qf1+ 45. Kg3 d3 46. Qb8+ Kh7 47. Qc7 Qe2 48. Qxf7+ Kh8 49. Qf6+ Kh7 50. g6+ Kh6 51. g7+ Kh5 52. Qh4+ Kg6 53. g8Q# 1-0

[Event "Wuerttemberg-ch Blitz"]
[Site "Murrhard"]
[Date "2021.08.20"]
[Round "11"]
[White "Koeller, Horst"]
[Black "Pillath, Marcus"]
[Result "1-0"]
[WhiteElo "1718"]
[BlackElo "1494"]
[PlyCount "55"]
[EventDate "2021.08.20"]
[EventType "swiss (blitz)"]
[EventRounds "11"]
[EventCountry "GER"]
[SourceTitle "CBM 204 Extra"]
[Source "ChessBase"]
[SourceDate "2021.11.30"]
[SourceVersion "1"]
[SourceVersionDate "2021.11.30"]
[SourceQuality "1"]

1. d4 c6 2. e3 d5 3. f4 Bf5 4. Nf3 Nf6 5. Bd3 Bxd3 6. cxd3 e6 7. 0-0 Bd6 8. Nc3 a6 9. h3 0-0 10. Ne2 h6 11. g4 Nbd7 12. Ng3 Qc7 13. Ne5 Nh7 14. h4 Bxe5 15. dxe5 c5 16. g5 hxg5 17. hxg5 d4 18. e4 c4 19. Kg2 cxd3 20. Qxd3 Qb6 21. Rh1 g6 22. Ne2 Qb5 23. Qf3 Kg7 24. Nxd4 Qc5 25. Be3 Qc4 26. Rxh7+ Kxh7 27. Qh3+ Kg8 28. Rh1 1-0

[Event "Wuerttemberg-ch Blitz"]
[Site "Murrhard"]
[Date "2021.08.20"]
[Round "4"]
[White "Pillath, Marcus"]
[Black "Becker, Stefan"]
[Result "1/2-1/2"]
[WhiteElo "1494"]
[BlackElo "2049"]
[PlyCount "153"]
[EventDate "2021.08.20"]
[EventType "swiss (blitz)"]
[EventRounds "11"]
[EventCountry "GER"]
[SourceTitle "CBM 204 Extra"]
[Source "ChessBase"]
[SourceDate "2021.11.30"]
[SourceVersion "1"]
[SourceVersionDate "2021.11.30"]
[SourceQuality "1"]

1. Nf3 d6 2. d4 Nf6 3. Bf4 c6 4. c3 g6 5. Nbd2 Bg7 6. h3 0-0 7. Qb3 Re8 8. e3 Nbd7 9. Bg3 e5 10. dxe5 Nxe5 11. Nxe5 dxe5 12. Nf3 Ne4 13. Bh2 Bf5 14. Rd1 Qc7 15. Be2 Rad8 16. 0-0 Nc5 17. Qa3 Qb6 18. Qb4 Qxb4 19. cxb4 Nd3 20. Bxd3 Bxd3 21. Rfe1 e4 22. Nd4 Bxd4 23. exd4 Rxd4 24. a3 Red8 25. Bc7 R8d7 26. Be5 R4d5 27. Bf4 f5 28. Be3 a6 29. g3 Kf7 30. h4 h5 31. Rd2 Ke6 32. Red1 b5 33. Bc5 Bc4 34. Rxd5 Rxd5 35. Rxd5 cxd5 36. Bd4 Bd3 37. Kg2 Kd6 38. f3 Ke6 39. fxe4 fxe4 40. Kf2 Kf5 41. Be3 Kg4 42. Bc5 Bc2 43. Bd4 Kf5 44. Ba7 Ke5 45. Ke3 Bb1 46. Bd4+ Kf5 47. Bc5 Kg4 48. Kf2 Bd3 49. Bd4 g5 50. hxg5 Kxg5 51. Bc5 Kg4 52. Bb6 Kh3 53. Bd4 Kg4 54. Bc5 Bc4 55. Bd4 Kf5 56. Ke3 Kg4 57. Kf2 Bd3 58. Bc5 Bc2 59. Bd4 Bb3 60. Bc5 Bc4 61. Bd4 Kf5 62. Bb6 Ke5 63. Ke3 Kd6 64. Bc5+ Kc6 65. Bd4 Kb7 66. Bc5 Kc7 67. Bd4 Kc6 68. Bc3 Kd6 69. Bd4 Kc6 70. Bc3 Kb6 71. Kf4 Kc6 72. Bd4 Kd6 73. Be5+ Ke6 74. Bd4 Kd6 75. Be5+ Ke6 76. Bd4 Bd3 77. Be5 1/2-1/2

[Event "GER-ch Net Amateur Gr-C Vor2"]
[Site "Playchess.com INT"]
[Date "2020.04.15"]
[Round "2"]
[White "Radeke, Rico"]
[Black "Pillath, Marcus"]
[Result "0-1"]
[WhiteElo "1513"]
[BlackElo "1665"]
[PlyCount "70"]
[EventDate "2020.04.15"]
[EventType "swiss (blitz)"]
[EventRounds "9"]
[EventCountry "GER"]
[SourceTitle "CBM 196 Extra"]
[Source "ChessBase"]
[SourceDate "2020.07.31"]
[SourceVersion "1"]
[SourceVersionDate "2020.07.31"]
[SourceQuality "1"]

1. d4 c6 2. c4 Nf6 3. Nc3 d5 4. e3 Bf5 5. Nf3 e6 6. c5 h6 7. b4 a6 8. Bd3 Bxd3 9. Qxd3 Nbd7 10. 0-0 Be7 11. a4 0-0 12. Bd2 Qc7 13. a5 e5 14. dxe5 Nxe5 15. Nxe5 Qxe5 16. f4 Qc7 17. Na4 Nd7 18. Rf3 Bf6 19. Raf1 Rfe8 20. Bc3 Bxc3 21. Qxc3 Nf6 22. Re1 Ne4 23. Qc2 Qe7 24. Nc3 Nxc3 25. Qxc3 Qf6 26. Qxf6 gxf6 27. Kf2 Kh7 28. Ke2 Rg8 29. g3 Rae8 30. Kd3 f5 31. Rf2 Rg6 32. Rfe2 h5 33. Kd4 Rge6 34. Kc3 Re4 35. Kd3 Rxb4 0-1

[Event "Innsbruck op-B 2nd"]
[Site "Innsbruck"]
[Date "2018.08.24"]
[Round "1"]
[White "Pillath, Marcus"]
[Black "Karall, Lorenz"]
[Result "0-1"]
[WhiteElo "1558"]
[BlackElo "1888"]
[PlyCount "36"]
[EventDate "2018.08.24"]
[EventType "swiss"]
[EventRounds "9"]
[EventCountry "AUT"]
[SourceTitle "CBM 186 Extra"]
[Source "ChessBase"]
[SourceDate "2018.08.24"]
[SourceVersion "1"]
[SourceVersionDate "2018.08.24"]
[SourceQuality "1"]

1. e4 d6 2. Bc4 c6 3. Nc3 Nf6 4. d3 g6 5. a3 Bg7 6. Bd2 e5 7. Nf3 0-0 8. h3 d5 9. exd5 cxd5 10. Bb3 Nc6 11. 0-0 Re8 12. Re1 h6 13. Qc1 Kh7 14. Qd1 a6 15. Rb1 Qd6 16. Ne2 b5 17. Ng3 Qe7 18. Be3 Bd7 0-1

[Event "Rhein Main op-B 20th"]
[Site "Bad Homburg"]
[Date "2017.06.18"]
[Round "7"]
[White "Wiese, Frank"]
[Black "Pillath, Marcus"]
[Result "1/2-1/2"]
[WhiteElo "1311"]
[BlackElo "1611"]
[PlyCount "24"]
[EventDate "2017.06.14"]
[EventType "swiss"]
[EventRounds "7"]
[EventCountry "GER"]
[SourceTitle "EXT 2018"]
[Source "ChessBase"]
[SourceDate "2017.10.13"]
[SourceVersion "1"]
[SourceVersionDate "2017.10.13"]
[SourceQuality "1"]

1. d4 c6 2. e4 d5 3. Nc3 dxe4 4. Nxe4 Bf5 5. Ng3 Bg6 6. h4 h6 7. Nf3 Nd7 8. h5 Bh7 9. Bd3 Bxd3 10. Qxd3 Ngf6 11. Ne4 Nxe4 12. Qxe4 Nf6 1/2-1/2

[Event "Rhein Main op-B 20th"]
[Site "Bad Homburg"]
[Date "2017.06.15"]
[Round "2"]
[White "Pillath, Marcus"]
[Black "Ebeling, Gereon"]
[Result "0-1"]
[WhiteElo "1611"]
[BlackElo "1358"]
[PlyCount "82"]
[EventDate "2017.06.14"]
[EventType "swiss"]
[EventRounds "7"]
[EventCountry "GER"]
[SourceTitle "EXT 2018"]
[Source "ChessBase"]
[SourceDate "2017.10.13"]
[SourceVersion "1"]
[SourceVersionDate "2017.10.13"]
[SourceQuality "1"]

1. Nf3 d5 2. d4 Nf6 3. Bf4 Bf5 4. Nbd2 e6 5. c3 Bd6 6. Bxd6 cxd6 7. Qb3 Qc7 8. e3 0-0 9. Be2 Nbd7 10. 0-0 Nb6 11. Rac1 Rfc8 12. a3 Qe7 13. h3 Rc7 14. Nh4 Be4 15. Nhf3 Bf5 16. Nh4 Be4 17. Nhf3 Rac8 18. Nxe4 Nxe4 19. Qd1 Nc4 20. Bxc4 Rxc4 21. Nd2 Nxd2 22. Qxd2 Qc7 23. Qd3 Qb6 24. Qd2 R8c6 25. Rfe1 Qb3 26. Qc2 Rb6 27. Qxb3 Rxb3 28. Rb1 Kf8 29. e4 dxe4 30. Rxe4 Rcxc3 31. Re2 Rc4 32. Rd2 d5 33. f3 Rc6 34. Re1 Rcb6 35. Ree2 Ke7 36. Rc2 Kd7 37. Kf2 Rc6 38. Rxc6 bxc6 39. Rc2 Rd3 40. Rc3 Rxd4 41. Rb3 Kc7 0-1

[Event "GER-chT Betriebe 15th"]
[Site "Munich"]
[Date "2015.10.25"]
[Round "7.4"]
[White "Pillath, Marcus"]
[Black "Amini, Mahmood"]
[Result "0-1"]
[WhiteElo "1631"]
[BlackElo "1699"]
[PlyCount "74"]
[EventDate "2015.10.22"]
[EventType "team-swiss"]
[EventRounds "7"]
[EventCountry "GER"]
[SourceTitle "EXT 2020"]
[Source "ChessBase"]
[SourceDate "2019.10.17"]
[SourceVersion "1"]
[SourceVersionDate "2019.10.17"]
[SourceQuality "1"]
[WhiteTeam "Stuttgart Stern"]
[BlackTeam "Hamburg Rapid Unilever"]
[WhiteTeamCountry "GER"]
[BlackTeamCountry "GER"]

1. Nf3 d5 2. d4 Nf6 3. Bf4 Nc6 4. Nbd2 Bg4 5. c3 e6 6. Qb3 Na5 7. Qd1 Bd6 8. Bxd6 Qxd6 9. h3 Bxf3 10. Nxf3 Ne4 11. e3 0-0 12. Bd3 f5 13. 0-0 a6 14. Qc2 b5 15. a3 Nc4 16. Rab1 Rf6 17. Nh2 Ncd2 18. Nf3 Nxb1 19. Rxb1 Raf8 20. Ne5 c5 21. Rf1 c4 22. Be2 g5 23. Bf3 Re8 24. Bh5 Re7 25. Bf3 Rg7 26. Kh1 Rh6 27. Bxe4 dxe4 28. f3 exf3 29. Rxf3 g4 30. Rg3 Qd5 31. Kg1 gxh3 32. Rxg7+ Kxg7 33. gxh3 Rxh3 34. Qg2+ Qxg2+ 35. Kxg2 Rxe3 36. Nc6 Re2+ 37. Kf3 Rxb2 0-1

[Event "Stuttgart-chB int"]
[Site "Ditzingen"]
[Date "2013.05.12"]
[Round "7"]
[White "Mihalache, Victor"]
[Black "Pillath, Marcus"]
[Result "0-1"]
[WhiteElo "1334"]
[BlackElo "1654"]
[PlyCount "85"]
[EventDate "2013.05.09"]
[EventType "swiss"]
[EventRounds "7"]
[EventCountry "GER"]
[SourceTitle "EXT 2014"]
[Source "ChessBase"]
[SourceDate "2013.11.20"]
[SourceVersion "1"]
[SourceVersionDate "2013.11.20"]
[SourceQuality "1"]

1. e4 c6 2. Nf3 h6 3. d4 d5 4. exd5 cxd5 5. Bb5+ Bd7 6. Bxd7+ Nxd7 7. Nc3 e6 8. 0-0 Ngf6 9. Re1 Be7 10. a3 a6 11. Bf4 Rc8 12. h3 0-0 13. Ne5 Nxe5 14. dxe5 Nd7 15. Qg4 Bg5 16. Bxg5 Qxg5 17. Qxg5 hxg5 18. Re2 Nb6 19. b3 Rxc3 20. Rd1 Rfc8 21. Rdd2 Nd7 22. g3 Nc5 23. Re3 Ne4 24. Rxc3 Rxc3 25. Re2 Nxg3 26. fxg3 Rxg3+ 27. Kh2 Rc3 28. Rg2 Kh7 29. Rxg5 Rxc2+ 30. Rg2 Rxg2+ 31. Kxg2 Kg6 32. Kf3 Kf5 33. Ke3 Kxe5 34. Kd3 f5 35. Kc3 f4 36. Kb4 f3 37. Kc5 f2 38. a4 f1Q 39. b4 Qc1+ 40. Kb6 Qc6+ 41. Ka7 Qxa4 42. Kxb7 Qxb4+ 43. Ka8 0-1

[Event "Dresden ZMD op-C 21th"]
[Site "Dresden"]
[Date "2012.08.23"]
[Round "6"]
[White "Koenig, Juergen"]
[Black "Pillath, Marcus"]
[Result "1/2-1/2"]
[WhiteElo "1491"]
[BlackElo "1295"]
[PlyCount "68"]
[EventDate "2012.08.18"]
[EventType "swiss"]
[EventRounds "9"]
[EventCountry "GER"]
[SourceTitle "CBM 150 Extra"]
[Source "ChessBase"]
[SourceDate "2012.10.19"]
[SourceVersion "1"]
[SourceVersionDate "2012.10.19"]
[SourceQuality "1"]

1. e4 c6 2. d4 d5 3. Nc3 dxe4 4. Nxe4 Bf5 5. Ng3 Bg6 6. Nf3 Nf6 7. Bc4 e6 8. 0-0 h6 9. c3 Bd6 10. Re1 Nbd7 11. Ne5 Bh7 12. f4 0-0 13. Qb3 Nb6 14. Be2 c5 15. dxc5 Bxc5+ 16. Kh1 Ne4 17. Nxe4 Bxe4 18. Nf3 Qc7 19. Bd1 Bd5 20. Qc2 Rad8 21. b4 Bd6 22. Ne5 Nc4 23. Nxc4 Bxc4 24. Qf2 b6 25. Be2 Bxe2 26. Rxe2 Qxc3 27. Bb2 Qd3 28. Re3 Qf5 29. Qg3 Qg6 30. Qxg6 fxg6 31. Rxe6 Bxf4 32. Rxg6 Rf7 33. g3 Bb8 34. Rc1 Kh7 1/2-1/2

[Event "Dresden ZMD op-C 21th"]
[Site "Dresden"]
[Date "2012.08.21"]
[Round "4"]
[White "Raden, Hans Joachim"]
[Black "Pillath, Marcus"]
[Result "1-0"]
[WhiteElo "1536"]
[BlackElo "1295"]
[PlyCount "44"]
[EventDate "2012.08.18"]
[EventType "swiss"]
[EventRounds "9"]
[EventCountry "GER"]
[SourceTitle "CBM 150 Extra"]
[Source "ChessBase"]
[SourceDate "2012.10.19"]
[SourceVersion "1"]
[SourceVersionDate "2012.10.19"]
[SourceQuality "1"]

1. c4 e5 2. Nc3 Bc5 3. Nf3 d6 4. d4 exd4 5. Nxd4 Nf6 6. e3 0-0 7. Be2 a6 8. 0-0 Re8 9. a3 Bxd4 10. exd4 b6 11. Bf3 c6 12. Bg5 h6 13. Bh4 Bd7 14. Qd2 Bf5 15. Rfe1 Rxe1+ 16. Rxe1 Nfd7 17. Bxc6 Ra7 18. Qf4 Bd3 19. b3 g5 20. Bxg5 hxg5 21. Qxg5+ Bg6 22. Qe7 Nxc6 1-0

[Event "Dresden ZMD op-C 21th"]
[Site "Dresden"]
[Date "2012.08.18"]
[Round "1"]
[White "Pillath, Marcus"]
[Black "Mishin, Fedor"]
[Result "1/2-1/2"]
[WhiteElo "1295"]
[BlackElo "1693"]
[PlyCount "30"]
[EventDate "2012.08.18"]
[EventType "swiss"]
[EventRounds "9"]
[EventCountry "GER"]
[SourceTitle "CBM 150 Extra"]
[Source "ChessBase"]
[SourceDate "2012.10.19"]
[SourceVersion "1"]
[SourceVersionDate "2012.10.19"]
[SourceQuality "1"]

1. e4 e5 2. Bc4 Nf6 3. d3 Nc6 4. Nc3 Na5 5. Bb3 Nxb3 6. axb3 c6 7. Be3 a6 8. Nf3 Bd6 9. h3 h6 10. 0-0 0-0 11. Na4 Bc7 12. Nc3 d5 13. Bc5 Re8 14. Re1 d4 15. Na4 Nh7 1/2-1/2

[Event "Forchheim op 10th"]
[Site "Forchheim"]
[Date "2011.10.08"]
[Round "3"]
[White "Pillath, Marcus"]
[Black "Uestuen, Engin"]
[Result "0-1"]
[WhiteElo "1685"]
[BlackElo "1826"]
[PlyCount "66"]
[EventDate "2011.10.07"]
[EventType "swiss"]
[EventRounds "5"]
[EventCountry "GER"]
[SourceTitle "CBM 144 Extra"]
[Source "ChessBase"]
[SourceDate "2011.10.28"]
[SourceVersion "1"]
[SourceVersionDate "2011.10.28"]
[SourceQuality "1"]

1. Nf3 Nf6 2. d4 g6 3. c3 Bg7 4. Bf4 d6 5. Nbd2 0-0 6. e3 Nbd7 7. Be2 c5 8. h3 b6 9. 0-0 Bb7 10. a3 Rc8 11. Ne1 e5 12. dxe5 dxe5 13. Bg5 Qc7 14. Bf3 e4 15. Be2 Ne5 16. Bf4 Rcd8 17. Qc2 Qe7 18. Bxe5 Qxe5 19. Nc4 Qe7 20. Rd1 Nd5 21. Qc1 f5 22. Nc2 f4 23. Nd2 Bh6 24. Bc4 f3 25. Nb1 fxg2 26. Kxg2 Qg5+ 27. Kh2 Bg7 28. Rd2 Be5+ 29. f4 exf3+ 30. Kh1 Kh8 31. Ne1 Nxe3 32. Nxf3 Rxd2 33. Qxd2 Rxf3 0-1

[Event "Berlin Lichtenberger op 9th"]
[Site "Berlin"]
[Date "2010.08.07"]
[Round "1"]
[White "Pillath, Marcus"]
[Black "Krebs, Alexander1111"]
[Result "0-1"]
[WhiteElo "1728"]
[BlackElo "1884"]
[PlyCount "100"]
[EventDate "2010.08.07"]
[EventType "swiss"]
[EventRounds "9"]
[EventCountry "GER"]
[SourceTitle "CBM 137 Extra"]
[Source "ChessBase"]
[SourceDate "2010.09.01"]
[SourceVersion "1"]
[SourceVersionDate "2010.09.01"]
[SourceQuality "1"]

1. d4 d5 2. Nf3 Nf6 3. Bf4 e6 4. e3 Be7 5. Nbd2 0-0 6. c3 c5 7. Be2 Nc6 8. dxc5 Bxc5 9. 0-0 b6 10. h3 Bb7 11. Nd4 Qd7 12. Bb5 a6 13. Bxc6 Bxc6 14. Nxc6 Qxc6 15. a3 Rac8 16. Rc1 b5 17. Nf3 Bd6 18. Bxd6 Qxd6 19. Nd2 Rfd8 20. Qf3 a5 21. Rfe1 b4 22. cxb4 axb4 23. e4 Rxc1 24. Rxc1 bxa3 25. Qxa3 Qxa3 26. bxa3 Nxe4 27. Nxe4 dxe4 28. Rc4 f5 29. a4 Ra8 30. g4 h6 31. Kg2 Kf7 32. Kg3 Kf6 33. gxf5 exf5 34. h4 Ra5 35. Rc6+ Ke5 36. Rc7 g5 37. hxg5 hxg5 38. Rc4 Kd5 39. Rb4 Kc5 40. Rb8 Rxa4 41. Rf8 Ra3+ 42. Kg2 Rf3 43. Rg8 g4 44. Re8 Kd4 45. Rd8+ Ke5 46. Re8+ Kf4 47. Ra8 g3 48. fxg3+ Rxg3+ 49. Kf2 Rb3 50. Ra4 Rb2+ 0-1

[Event "Stuttgart-chB int"]
[Site "Ditzingen"]
[Date "2008.05.04"]
[Round "7"]
[White "Pillath, Marcus"]
[Black "Giugno, Carmelo"]
[Result "1/2-1/2"]
[WhiteElo "1738"]
[BlackElo "1503"]
[PlyCount "30"]
[EventDate "2008.05.01"]
[EventType "swiss"]
[EventRounds "7"]
[EventCountry "GER"]
[SourceTitle "EXT 2018"]
[Source "ChessBase"]
[SourceDate "2017.10.13"]
[SourceVersion "1"]
[SourceVersionDate "2017.10.13"]
[SourceQuality "1"]

1. d4 Nf6 2. Nf3 g6 3. c3 Bg7 4. Bf4 d6 5. e3 b6 6. Be2 Bb7 7. Nbd2 Nbd7 8. h3 c5 9. 0-0 Rc8 10. Rc1 0-0 11. Qa4 a5 12. Qb3 Qc7 13. a3 e5 14. dxe5 dxe5 15. Bg3 Bd5 1/2-1/2

[Event "Stuttgart-chB int"]
[Site "Ditzingen"]
[Date "2008.05.02"]
[Round "4"]
[White "Pillath, Marcus"]
[Black "Ruff, Robert"]
[Result "0-1"]
[WhiteElo "1738"]
[BlackElo "1566"]
[PlyCount "56"]
[EventDate "2008.05.01"]
[EventType "swiss"]
[EventRounds "7"]
[EventCountry "GER"]
[SourceTitle "EXT 2018"]
[Source "ChessBase"]
[SourceDate "2017.10.13"]
[SourceVersion "1"]
[SourceVersionDate "2017.10.13"]
[SourceQuality "1"]

1. d4 d5 2. Nf3 Nf6 3. Bf4 e6 4. Nbd2 c5 5. e3 Nc6 6. c3 Bd7 7. Be2 Rc8 8. Rc1 Qb6 9. Qb3 Nh5 10. Qxb6 axb6 11. Be5 f6 12. Bg3 Nxg3 13. hxg3 Bd6 14. a3 Ke7 15. 0-0 Rcg8 16. dxc5 bxc5 17. e4 g5 18. exd5 exd5 19. Rfe1 Kd8 20. Bd3 h5 21. Nh2 Ne5 22. Bf1 c4 23. Ndf3 Ng4 24. Nxg4 hxg4 25. Nd4 Rh7 26. Re3 Rgh8 27. f4 gxf4 28. gxf4 Bxf4 0-1

[Event "Stuttgart-chB int"]
[Site "Ditzingen"]
[Date "2006.05.28"]
[Round "7"]
[White "Pillath, Marcus"]
[Black "Schreiber, Stephan"]
[Result "0-1"]
[WhiteElo "1421"]
[BlackElo "1632"]
[PlyCount "74"]
[EventDate "2006.05.25"]
[EventType "swiss"]
[EventRounds "7"]
[EventCountry "GER"]
[SourceTitle "EXT 2018"]
[Source "ChessBase"]
[SourceDate "2017.10.13"]
[SourceVersion "1"]
[SourceVersionDate "2017.10.13"]
[SourceQuality "1"]

1. d4 e5 2. dxe5 Nc6 3. Nc3 Nxe5 4. Bf4 Ng6 5. Bg3 Nf6 6. Nf3 Bb4 7. Qd3 d6 8. a3 Bxc3+ 9. Qxc3 0-0 10. e3 Ne4 11. Qb3 a5 12. Bd3 Nc5 13. Qa2 Be6 14. Qb1 Nxd3+ 15. cxd3 f5 16. Nd4 Bd7 17. Qa2+ Kh8 18. 0-0 Qf6 19. Ne2 Be6 20. Qb1 Ra6 21. Nf4 Nxf4 22. Bxf4 g5 23. Bg3 f4 24. exf4 gxf4 25. Qc2 Rc6 26. Qd2 fxg3 27. fxg3 Qd4+ 28. Kh1 Rxf1+ 29. Rxf1 Qg7 30. Qxa5 Qxb2 31. Qa8+ Bg8 32. h3 Rc1 33. Qf8 Rxf1+ 34. Qxf1 Qg7 35. g4 Bd5 36. Qf5 Qa1+ 37. Kh2 Qe5+ 0-1

[Event "Hamburg Robinow op"]
[Site "Hamburg"]
[Date "2005.10.02"]
[Round "2"]
[White "Zierott, Jan"]
[Black "Pillath, Marcus"]
[Result "1/2-1/2"]
[WhiteElo "1609"]
[BlackElo "1449"]
[PlyCount "91"]
[EventDate "2005.10.01"]
[EventType "swiss"]
[EventRounds "9"]
[EventCountry "GER"]
[SourceTitle "CBM 108 Extra"]
[Source "ChessBase"]
[SourceDate "2005.11.04"]
[SourceVersion "1"]
[SourceVersionDate "2005.11.04"]
[SourceQuality "1"]

1. d4 c6 2. e4 d5 3. Nc3 dxe4 4. Nxe4 Bf5 5. Ng3 Bg6 6. Nf3 Nd7 7. Nh4 Ngf6 8. Nxg6 hxg6 9. Be2 e5 10. dxe5 Nxe5 11. Be3 Qxd1+ 12. Rxd1 Neg4 13. Nf1 Nxe3 14. Nxe3 Be7 15. 0-0 0-0 16. Bc4 Rad8 17. Bb3 Rxd1 18. Rxd1 Rd8 19. Rxd8+ Bxd8 20. Nc4 Nd5 21. Nd6 b6 22. c3 Bc7 23. Bxd5 Bxd6 24. Bxc6 g5 25. f3 f6 26. Bd5+ Kf8 27. Kf2 Bc5+ 28. Ke2 a5 29. Kd3 Ke7 30. a3 Kd6 31. Be4 Ke5 32. b4 axb4 33. cxb4 Bg1 34. h3 f5 35. Bc6 f4 36. Kc4 Kd6 37. Kb5 Kc7 38. a4 Bd4 39. a5 bxa5 40. bxa5 Be3 41. Be4 Bf2 42. a6 Ba7 43. Kc4 Kd6 44. Kd3 Kc5 45. Ke2 Kd4 46. Kf1 1/2-1/2

[Event "Stuttgart-chB int"]
[Site "Ditzingen"]
[Date "2005.05.07"]
[Round "5"]
[White "Jannes, Alexander"]
[Black "Pillath, Marcus"]
[Result "1-0"]
[WhiteElo "1567"]
[BlackElo "1408"]
[PlyCount "51"]
[EventDate "2005.05.05"]
[EventType "swiss"]
[EventRounds "7"]
[EventCountry "GER"]
[SourceTitle "EXT 2018"]
[Source "ChessBase"]
[SourceDate "2017.10.13"]
[SourceVersion "1"]
[SourceVersionDate "2017.10.13"]
[SourceQuality "1"]

1. d4 c6 2. c4 Nf6 3. Nc3 d5 4. cxd5 Nxd5 5. e4 Nxc3 6. bxc3 Nd7 7. Nf3 e6 8. Bf4 Be7 9. Bd3 0-0 10. Qc2 h6 11. 0-0 Nf6 12. Rab1 b6 13. e5 Nd5 14. Bd2 c5 15. Be4 cxd4 16. c4 Ba6 17. cxd5 Bxf1 18. d6 Bg5 19. Bxg5 hxg5 20. Bxa8 Qxa8 21. Rxf1 Rc8 22. Qd3 g4 23. Nxd4 Qd5 24. Rd1 Qxe5 25. d7 Rd8 26. Nc6 1-0

[Event "Stuttgart-chB int"]
[Site "Ditzingen"]
[Date "2005.05.07"]
[Round "6"]
[White "Pillath, Marcus"]
[Black "Gabriel, Alexander"]
[Result "1/2-1/2"]
[WhiteElo "1408"]
[BlackElo "1867"]
[PlyCount "30"]
[EventDate "2005.05.05"]
[EventType "swiss"]
[EventRounds "7"]
[EventCountry "GER"]
[SourceTitle "EXT 2018"]
[Source "ChessBase"]
[SourceDate "2017.10.13"]
[SourceVersion "1"]
[SourceVersionDate "2017.10.13"]
[SourceQuality "1"]

1. d4 Nf6 2. Nf3 g6 3. Bf4 Bg7 4. e3 d6 5. a3 0-0 6. Be2 Nbd7 7. h3 c6 8. 0-0 Nb6 9. Nc3 Nbd5 10. Bg3 Nh5 11. Bh2 f5 12. Qd2 Kh8 13. Ng5 e5 14. Nf3 e4 15. Ne1 Qe7 1/2-1/2